| 000 | 00773nam a2200193 i 4500 | ||
|---|---|---|---|
| 001 | 65255 | ||
| 003 | ES-MaACL | ||
| 005 | 20230906165331.0 | ||
| 007 | t| | ||
| 008 | 040109s1946 mx ||||1| spa d | ||
| 100 | 1 |
_aFranco, Luis G. _952230 |
|
| 245 | 1 | 0 |
_aGlosa del período de gobierno del C. Gral. e Ing. Pascual Ortíz Rubio _b: 1930-1932 : Comunicaciones y Obras Públicas en un período inconcluso : notas para la historia / _cLuis G. Franco. |
| 260 |
_aMéxico : _b[s.n., _c1946] ( _fManuel León Sánchez, S.C.L.) |
||
| 300 |
_a247 p., 3 lám. : _bil. ; _c23 cm. |
||
| 490 | 1 |
_aRamo de Comunicaciones y Obras Públicas ; _v9 |
|
| 830 | 0 |
_aRamo de Comunicaciones y Obras Públicas ; _v9 _9230742 |
|
| 852 |
_aES-MaACL _jC-4075 _bR.23233 |
||
| 999 |
_c65255 _d65255 |
||